Bulletin

Uložené v:
Podrobná bibliografia
Médium: Seriál
Jazyk:Czech
Vydavateľské údaje: Praha Federální statistický úřad 1992
Tagy: Pridať tag
Žiadne tagy, Buďte prvý, kto otaguje tento záznam!

MARC

LEADER 00000nas2a2200000 4500
001 s016208
005 20250618091649.7
041 0 |a cze 
044 |a CZ 
245 1 0 |a Bulletin 
264 1 |a Praha  |b Federální statistický úřad  |c 1992 
300 |a 2 zv.